00301nam a2200133Ia 4500008004100000041000800041082001600049100001600065245002200081260002500103300000800128365001500136700001600151230718s9999 xx 000 0 und d aeng a891.46bPAR aParate M.S. aYog ParisbBhag 1 c2010bParate Usha M. a104 cRs.b80.00 aParate M.S.